000 02755nam a2200253 a 4500
001 000029135
003 DO-SdBNP
005 20221019105616.0
007 000029135
008 110413s2000 dr a 000 0 spa d
040 _aBPMSU
_bspa
_cBPMSU
082 4 _a304.89
_bV422t 2000
_222
100 1 _aVega, Bernardo,
_d1938-
245 1 0 _aTendencias migratorias hacia los Estados Unidos de dominicanos y otros ciudadanos caribeños :
_banálisis de las tendencias de la migración legal e ilegal, la deportación de criminales y el impacto negativo de la legislación migratoria norteamericana de 1996 /
_cBernardo Vega; Roberto Desprandel.
260 _aSanto Domingo :
_bOrganización Internacional para las Migraciones(IOM, OIM),
_bFacultad Latinoamericana de Ciencias Sociales (FLACSO),
_c2000.
300 _a41 p. :
_bil., ;
_c22 cm.
505 2 _aTendencias en la migración legal hacia los Estados Unidos desde el Caribe insular 10|Migración legal desde el Caribe insular hacia los Estados Unidos 12|Migración legal a los Estados Unidos desde la República dominicana 14|Migración a los Estados Unidos desde el Caribe insular 15|Estimación de la población de inmigrantes ilegales sobre la base de los veinte países de rigen e mayor volumen para 1996 17|Interdicciones de inmigrantes cubaos, haitianos y dominicanos por parte de la guardia costera norteamericana 18|Inmigrantes admitidos, provenientes de los veinte países de origen más importantes, para el año fiscal 1995-1996 20|Emigrantes a los Estados Unidos en 1996 bajo el mecanismo de unificación familiar 21|Migración bajo auspicio familiar en la región caribeña (1996) 23|Porciento de la migración legal que está siendo auspiciada por familiares - 1996 25|Requisitos para el afidávit de apoyo del auspiciante 27|Población dominicana (nacida en el extranjero). Datos del censo de 1990 - ajustado por el índice de precios al consumidor 29|Población dominicana (nacida en el extranjero). Datos del censo de 1990 - ingreso familiar - ajustado por el índice de precios al consumidor 31|Porciento de visas de inmigración rehusadas en los consulados norteamericanos en la República Dominicana 33|Remoción de deportados criminales a países caribeños por año fiscal 37|Remoción de deportados criminarles hacia países caribeños 38|Porciento de la población nacida en el extranjero y que proviene del Caribe insular que se hacen ciudadanos norteamericanos 40
651 4 _aRepública Dominicana
_xMigración e inmigración
_zEstados Unidos
651 4 _aCaribe (Región)
_xMigración e inmigración.
651 4 _aEstados Unidos
_xMigración e inmigración
_zRepública Dominicana
700 1 _aDesprandel, Roberto
910 _aVMateo V./Validado
942 _2ddc
_cBK
999 _c7423
_d7423